The provision of travel plans (Record no. 109605)

MARC details
000 -LEADER
fixed length control field 01518cad a22002415a 4500
001 - CONTROL NUMBER
control field E147541
008 - FIXED-LENGTH DATA ELEMENTS--GENERAL INFORMATION
fixed length control field 090521s2006 xxk f s000 0 eng d
020 ## - INTERNATIONAL STANDARD BOOK NUMBER
International Standard Book Number 075596103X
022 1# - INTERNATIONAL STANDARD SERIAL NUMBER
International Standard Serial Number 0950-2254
035 ## - SYSTEM CONTROL NUMBER
System control number (Sirsi) u147541
041 0# - LANGUAGE CODE
Language code of text/sound track or separate title eng
050 04 - LIBRARY OF CONGRESS CALL NUMBER
Classification number 711.7 $2 18
110 2# - MAIN ENTRY--CORPORATE NAME
Corporate name or jurisdiction name as entry element Halcrow Group
9 (RLIN) 4937
245 04 - TITLE STATEMENT
Title The provision of travel plans
Remainder of title mapping activity in Scotland
Medium [electronic resource]
260 ## - PUBLICATION, DISTRIBUTION, ETC.
Place of publication, distribution, etc. [Edinburgh]
Name of publisher, distributor, etc. Scottish Executive Social Research
Date of publication, distribution, etc. 2006
505 2# - FORMATTED CONTENTS NOTE
Formatted contents note Executive summary -- Chapter one introduction -- Chapter two methodology -- Chapter three travel plans: the concept and process -- Chapter four travel plan policy, guidance and research -- Chapter five review of TRi research -- Chapter six mapping of current activity -- Chapter seven organisational travel plans -- Chapter eight barriers and solutions -- Chapter nine conclusions and recommendations -- Annexes
520 ## - SUMMARY, ETC.
Summary, etc. Discusses the results of research into travel plans in Scotland, focusing particularly on local authorities, regional transport partnerships and large employers. Travel plans are a combination of measures, tailored to particular sites, which aim to increase the sustainability of travel options and provide alternatives to car use.
521 ## - TARGET AUDIENCE NOTE
Target audience note Advanced
651 #4 - SUBJECT ADDED ENTRY--GEOGRAPHIC NAME
Geographic name Scotland
Chronological subdivision 1999-
690 ## - LOCAL SUBJECT ADDED ENTRY--TOPICAL TERM (OCLC, RLIN)
Topical term or geographic name as entry element PROPERTY-INFRASTRUCTURE-TRANSPORT INFRASTRUCTURE
856 40 - ELECTRONIC LOCATION AND ACCESS
Uniform Resource Identifier <a href="https://www.scotland.gov.uk/Publications/2006/06/16100731/0">https://www.scotland.gov.uk/Publications/2006/06/16100731/0</a>
Public note View the report free of charge at www.scotland.gov.uk...
942 ## - ADDED ENTRY ELEMENTS (KOHA)
Suppress in OPAC 0
Holdings
Withdrawn status Lost status Source of classification or shelving scheme Damaged status Not for loan Home library Current library Shelving location Date acquired Total Checkouts Full call number Barcode Date last seen Copy number Price effective from Koha item type
    Dewey Decimal Classification     Virtual Virtual Online 21/05/2009   ONLINE PUBLICATION 147541-2001 06/08/2019 1 06/08/2019 Book